00278nam a2200121Ia 45000030006000000080041000060400015000471000019000622450037000812600009001185460012001270050017001390STCL150530s9999 xx 000 0 und d aSTCLcSTCL aWalsh, J.J. Ed aThirteenth Greatest of Centuries c1913 aEnglish20220125165741.0